000 00581nam a2200169Ia 4500
008 140527s9999 xx 000 0 und d
020 _a9780415551410
050 _aP 129
_b.R391 2012
100 _aRichards, Keith
245 _aResearch methods for applied language studies :
_ban advanced resource book for students /
_cKeith Richards, Steven Ross, Paul Seedhouse.
260 _aNew York :
_bRoutledge,
_cc2012.
300 _a373 p. :
_bill. ;
_c25 cm.
500 _aIncludes bibliographical references and index.
521 _aGE
942 _kFOR
_cBK
999 _c117539
_d117539